000 00404nam a22001697a 4500
003 OSt
005 20220114142811.0
008 220114b |||||||| |||| 00| 0 eng d
020 _a0070217076
040 _cHU
082 _a537
100 _aFowler J. Richard
_928046
245 _aElectricity Principles And Applications
260 _aNew York
_bNew York
300 _f336
942 _2ddc
_cBOOKS
_n0
999 _c27108
_d27108